Normal view
MARC view
Entry Personal Name
001 - CONTROL NUMBER
- control field: 32725
003 - CONTROL NUMBER IDENTIFIER
- control field: ARRUPE
005 - DATE AND TIME OF LATEST TRANSACTION
- control field: 20170703104900.0
008 - FIXED-LENGTH DATA ELEMENTS
- fixed length control field: 170703|| aca||aabn | a|a d
040 ## - CATALOGING SOURCE
- Original cataloging agency: ARRUPE
- Transcribing agency: ARRUPE
100 ## - HEADING--PERSONAL NAME
- Personal name: Collins, James Daniel.
670 ## - SOURCE DATA FOUND
- Source citation: Work cat.: (ARRUPE)53143: Collins, James Daniel., A history of modern European philosophy., [1954]